| 000 | 00605nam a2200181 a 4500 | ||
|---|---|---|---|
| 001 | 001128356 | ||
| 003 | AM-YeHGA | ||
| 005 | 20250617152017.0 | ||
| 008 | 160211s1976 ||| r 000 0 rus d | ||
| 040 | _aAM-YeHGA | ||
| 041 | 0 | _arus | |
| 245 | 0 | 0 |
_aРифей : _bУральский литературно - краеведческий сборник. / _cСост. Б.М. Курочкин. |
| 260 |
_aЧелябинск : _bЮж.-Урал. кн. изд-во, _c1976. |
||
| 300 | _a278 с. | ||
| 653 | 0 | _aКраеведение | |
| 700 | 1 |
_aКурочкин, Б.М. _eсост. _4com |
|
| 090 | _c364288 | ||
| 999 |
_c362440 _d362440 |
||